000 00905nam a2200265 i 4500
001 190621
003 ES-MaACL
005 20250307141814.0
008 220223s2018 sp 001 p spa d
020 _a978-84-948838-5-9
080 _a821.134.2-14"19"
100 1 _aNogales, Tuco.
_9174197
245 1 0 _aEcos de madera, de fuego y de agua /
_cTuco Nogales.
250 _a1ª ed.
260 _aMadrid :
_bVitruvio,
_c2018.
300 _a128 p. :
_b1 il. ;
_c24 cm.
490 1 _aColección Baños del Carmen ;
_v721
505 8 _aContiene: Ecos de madera ; Ecos de fuego ; Ecos de agua
830 1 _aColección Baños del Carmen
_v721
_9183030
852 4 _aES-MaACL
_jA-14884
_9197800
_bR.152743
_cDEPO1
_dOlim: N-7884
_hDonación: Tuco Nogales
903 _9174197
_aNogales, Tuco
_ednr
942 _2udc
_cMONOGRAFIA
999 _c190621
_d190621